Ship construction (Record no. 5666)
[ view plain ]
| 000 -LEADER | |
|---|---|
| fixed length control field | 00462nam a2200181Ia 4500 |
| 008 - FIXED-LENGTH DATA ELEMENTS--GENERAL INFORMATION | |
| fixed length control field | 200103s 2001 ||||xx |||||||||||||| ||und|| |
| 020 ## - INTERNATIONAL STANDARD BOOK NUMBER | |
| International Standard Book Number | 9788181475190 |
| 082 ## - DEWEY DECIMAL CLASSIFICATION NUMBER | |
| Classification number | 623.82 |
| Item number | EYR |
| 100 ## - MAIN ENTRY--PERSONAL NAME | |
| Personal name | Eyres, D. J. |
| 245 #0 - TITLE STATEMENT | |
| Title | Ship construction |
| 250 ## - EDITION STATEMENT | |
| Edition statement | 5th ed. |
| 260 ## - PUBLICATION, DISTRIBUTION, ETC. (IMPRINT) | |
| Name of publisher, distributor, etc | Elsevier |
| Date of publication, distribution, etc | 2001 |
| Place of publication, distribution, etc | New Delhi |
| 300 ## - PHYSICAL DESCRIPTION | |
| Extent | vi, 354p. |
| 650 ## - SUBJECT ADDED ENTRY--TOPICAL TERM | |
| Topical term or geographic name as entry element | Materials and strength of ships |
| 650 ## - SUBJECT ADDED ENTRY--TOPICAL TERM | |
| Topical term or geographic name as entry element | Shipyard practice |
| 650 ## - SUBJECT ADDED ENTRY--TOPICAL TERM | |
| Topical term or geographic name as entry element | Ship structure |
| 942 ## - ADDED ENTRY ELEMENTS (KOHA) | |
| Item type | Books |
| Withdrawn status | Lost status | Source of classification or shelving scheme | Damaged status | Not for loan | Collection code | Permanent location | Current location | Shelving location | Date acquired | Total Checkouts | Full call number | Barcode | Date last seen | Date last borrowed | Koha item type | Public note | Total Renewals | Checked out |
|---|---|---|---|---|---|---|---|---|---|---|---|---|---|---|---|---|---|---|
| Non-fiction | IMU-MPC Library | IMU-MPC Library | General Stacks | 2020-01-08 | 2 | 623.82 EYR | MPC4394 | 2025-03-17 | 2025-01-08 | Books | Column - 15 | |||||||
| Non-fiction | IMU-MPC Library | IMU-MPC Library | General Stacks | 2020-01-08 | 2 | 623.82 EYR | MPC4391 | 2026-01-19 | 2026-01-13 | Books | Column - 15 | |||||||
| Non-fiction | IMU-MPC Library | IMU-MPC Library | General Stacks | 2020-01-08 | 2 | 623.82 EYR | MPC4389 | 2025-01-15 | 2024-12-24 | Books | Column - 15 | 2 | ||||||
| Non-fiction | IMU-MPC Library | IMU-MPC Library | General Stacks | 2020-01-08 | 3 | 623.82 EYR | MPCG0184 | 2025-06-13 | 2025-05-02 | Books | Column - 15 | 1 | ||||||
| Non-fiction | IMU-MPC Library | IMU-MPC Library | General Stacks | 2020-01-08 | 1 | 623.82 EYR | MPC4442 | 2025-03-17 | 2023-10-31 | Books | Column - 15 | |||||||
| Non-fiction | IMU-MPC Library | IMU-MPC Library | General Stacks | 2020-01-08 | 2 | 623.82 EYR | MPC4392 | 2025-03-17 | 2024-02-13 | Books | Column - 15 | |||||||
| Non-fiction | IMU-MPC Library | IMU-MPC Library | General Stacks | 2020-01-08 | 623.82 EYR | MPC4393 | 2025-03-17 | Books | Column - 15 | |||||||||
| Non-fiction | IMU-MPC Library | IMU-MPC Library | General Stacks | 2020-01-08 | 3 | 623.82 EYR | MPC3704 | 2025-03-17 | 2023-10-20 | Books | Column - 15 | 1 | ||||||
| Non-fiction | IMU-MPC Library | IMU-MPC Library | General Stacks | 2020-01-08 | 623.82 EYR | MPC4395 | 2025-03-17 | Books | Column - 15 | |||||||||
| Non-fiction | IMU-MPC Library | IMU-MPC Library | General Stacks | 2020-01-08 | 2 | 623.82 EYR | MPCBB355 | 2026-04-21 | 2026-04-21 | Books | Column - 15 | 1 | 2026-05-12 | |||||
| Non-fiction | IMU-MPC Library | IMU-MPC Library | General Stacks | 2020-01-08 | 2 | 623.82 EYR | MPC4397 | 2025-03-17 | 2024-12-19 | Books | Column - 15 | |||||||
| Non-fiction | IMU-MPC Library | IMU-MPC Library | General Stacks | 2020-01-08 | 623.82 EYR | MPC4390 | 2025-03-17 | Books | Column - 15 | |||||||||
| Non-fiction | IMU-MPC Library | IMU-MPC Library | General Stacks | 2020-01-08 | 4 | 623.82 EYR | MPC4388 | 2026-04-09 | 2026-03-12 | Books | Column - 15 | 4 |


